<?xml version="1.0" encoding="UTF-8"?>
<record
    xmlns:xsi="http://www.w3.org/2001/XMLSchema-instance"
    xsi:schemaLocation="http://www.loc.gov/MARC21/slim http://www.loc.gov/standards/marcxml/schema/MARC21slim.xsd"
    xmlns="http://www.loc.gov/MARC21/slim">

  <leader>01733nam a22004217a 4500</leader>
  <controlfield tag="003">OSt</controlfield>
  <controlfield tag="005">20230822110326.0</controlfield>
  <controlfield tag="007">Texto</controlfield>
  <controlfield tag="008">140228b        xxu||||| |||| 00| 0 eng d</controlfield>
  <datafield tag="020" ind1=" " ind2=" ">
    <subfield code="a">9788461470334</subfield>
  </datafield>
  <datafield tag="040" ind1=" " ind2=" ">
    <subfield code="a">BIESPA</subfield>
    <subfield code="b">spa</subfield>
    <subfield code="c">BIESPA</subfield>
  </datafield>
  <datafield tag="041" ind1=" " ind2=" ">
    <subfield code="a">spa</subfield>
    <subfield code="n">spa</subfield>
  </datafield>
  <datafield tag="082" ind1=" " ind2=" ">
    <subfield code="2">21</subfield>
    <subfield code="a">342.06</subfield>
    <subfield code="b">C657n</subfield>
  </datafield>
  <datafield tag="100" ind1=" " ind2=" ">
    <subfield code="a">Cobo Olvera Tom&#xE1;s</subfield>
  </datafield>
  <datafield tag="245" ind1=" " ind2=" ">
    <subfield code="a">Notificaci&#xF3;n de los Actos Administrativos y Disposiciones Generales/</subfield>
    <subfield code="b">(Cuestiones pr&#xE1;cticas),</subfield>
    <subfield code="c">Tom&#xE1;s Cobo Olvera</subfield>
  </datafield>
  <datafield tag="260" ind1=" " ind2=" ">
    <subfield code="a">M&#xE1;laga, Espa&#xF1;a:</subfield>
    <subfield code="b">Fundaci&#xF3;n Asesores Locales,</subfield>
    <subfield code="c">2011</subfield>
  </datafield>
  <datafield tag="300" ind1=" " ind2=" ">
    <subfield code="a">182 p&#xE1;ginas</subfield>
    <subfield code="c">26 cm.</subfield>
  </datafield>
  <datafield tag="440" ind1=" " ind2=" ">
    <subfield code="a">Ejemplar 0844, Ubicaci&#xF3;n Derecho Administrativo.</subfield>
  </datafield>
  <datafield tag="500" ind1=" " ind2=" ">
    <subfield code="a">Escrito en el idioma espa&#xF1;ol.  Primera Edici&#xF3;n</subfield>
  </datafield>
  <datafield tag="650" ind1=" " ind2=" ">
    <subfield code="2">Tesauros</subfield>
    <subfield code="a">Derecho Administrativo</subfield>
  </datafield>
  <datafield tag="650" ind1=" " ind2=" ">
    <subfield code="2">Tesauros</subfield>
    <subfield code="a">Administraci&#xF3;n P&#xFA;blica</subfield>
  </datafield>
  <datafield tag="650" ind1=" " ind2=" ">
    <subfield code="2">Tesauros</subfield>
    <subfield code="a">Actos Administrativos-Notificaci&#xF3;n</subfield>
  </datafield>
  <datafield tag="650" ind1=" " ind2=" ">
    <subfield code="2">Tesauros</subfield>
    <subfield code="a">Entidades Locales-Disposiciones Reglamentarias</subfield>
  </datafield>
  <datafield tag="650" ind1=" " ind2=" ">
    <subfield code="2">Tesauros</subfield>
    <subfield code="a">Ordenanzas Fiscales-P&#xFA;blicaci&#xF3;n</subfield>
  </datafield>
  <datafield tag="650" ind1=" " ind2=" ">
    <subfield code="2">Tesauros</subfield>
    <subfield code="a">Notificaci&#xF3;n del Acto Administrativo</subfield>
  </datafield>
  <datafield tag="650" ind1=" " ind2=" ">
    <subfield code="2">Tesauros</subfield>
    <subfield code="a">Silencio Administrativo</subfield>
  </datafield>
  <datafield tag="650" ind1=" " ind2=" ">
    <subfield code="2">Tesauros</subfield>
    <subfield code="a">Recursos Administrativos-Incidencia</subfield>
  </datafield>
  <datafield tag="650" ind1=" " ind2=" ">
    <subfield code="2">Tesauros</subfield>
    <subfield code="a">Poder de Pol&#xED;cia</subfield>
  </datafield>
  <datafield tag="650" ind1=" " ind2=" ">
    <subfield code="2">Tesauros</subfield>
    <subfield code="a">Derechos Privados</subfield>
  </datafield>
  <datafield tag="650" ind1=" " ind2=" ">
    <subfield code="2">Tesauros</subfield>
    <subfield code="a">Entidades Centralizadas</subfield>
  </datafield>
  <datafield tag="650" ind1=" " ind2=" ">
    <subfield code="2">Tesauros</subfield>
    <subfield code="a">Legislaci&#xF3;n Urban&#xED;stica</subfield>
  </datafield>
  <datafield tag="650" ind1=" " ind2=" ">
    <subfield code="2">Tesauros</subfield>
    <subfield code="a">Derecho de Propiedad</subfield>
  </datafield>
  <datafield tag="650" ind1=" " ind2=" ">
    <subfield code="2">Tesauros</subfield>
    <subfield code="a">Presupuestos-Pretenci&#xF3;n Procesal</subfield>
  </datafield>
  <datafield tag="650" ind1=" " ind2=" ">
    <subfield code="2">Tesauros</subfield>
    <subfield code="a">Contencioso Administrativo-Legitimaci&#xF3;n</subfield>
  </datafield>
  <datafield tag="650" ind1=" " ind2=" ">
    <subfield code="2">Tesauros</subfield>
    <subfield code="a">Expropiaci&#xF3;n-Utilidad P&#xFA;blica</subfield>
  </datafield>
  <datafield tag="856" ind1=" " ind2=" ">
    <subfield code="u">http://biespaext.procuraduria-admon.gob.pa/files/original/742b1c270fcdfdbd597d3532dd0e81e2.pdf</subfield>
    <subfield code="y">indice</subfield>
  </datafield>
  <datafield tag="942" ind1=" " ind2=" ">
    <subfield code="2">ddc</subfield>
    <subfield code="c">BK</subfield>
  </datafield>
  <datafield tag="999" ind1=" " ind2=" ">
    <subfield code="c">216</subfield>
    <subfield code="d">216</subfield>
  </datafield>
  <datafield tag="952" ind1=" " ind2=" ">
    <subfield code="0">0</subfield>
    <subfield code="1">0</subfield>
    <subfield code="2">ddc</subfield>
    <subfield code="4">0</subfield>
    <subfield code="7">2</subfield>
    <subfield code="a">01</subfield>
    <subfield code="b">01</subfield>
    <subfield code="c">GEN</subfield>
    <subfield code="d">2014-02-28</subfield>
    <subfield code="e">Compra</subfield>
    <subfield code="f">Colecci&#xF3;n </subfield>
    <subfield code="i">0844</subfield>
    <subfield code="o">342.06 C657n</subfield>
    <subfield code="p">0844</subfield>
    <subfield code="r">2014-02-28 00:00:00</subfield>
    <subfield code="t">ejemplar 1</subfield>
    <subfield code="u">RDA</subfield>
    <subfield code="w">2014-02-28</subfield>
    <subfield code="y">BK</subfield>
  </datafield>
</record>
